00784 2200253 4500001002100000005001700021008004100038020001800079035002400097082001100121090001800132100001500150245013200165250001100297260004100308300003200349500001100381500003100392650002700423700002800450700002500478850000900503990001800512YOGYA-0209000006838520090227092046.0 ind  a979-444-386-7 0010-020900000068385 a297.65 a297.65bSya G aSYAIFULLAH aGerak politik Muhammadiyah dalam masyumibsekapursirihcSyaifullah, H. Munawir Sjadzali ; editor naskah, Bernadeta Sih Pintarti aCet. 1 aJakartabPustaka Utama Grafitic1997 axxvii, 298 hlmbilusc21 cm aIndeks aBibliografi : hlm. 239-259 aMuhammadiyah - Politik aPintarti, Bernadeta Sih aSyadzali, H. Munawir aBPAD a97915-P/97b1